000 00184 a2200097 4500
020 _a9789681636593
041 _aspa
100 _aBraz, Julio Emilio
245 _aSaguairu
942 _cBK
999 _c28617
_d28617